000
00300nam a22001457a 4500
008
211011b ||||| |||| 00| 0 eng d
020
_a
9780894711350
041
_a
eng
080
_a
611
082
_a
611
100
_a
6
101
_a
ANA
245
_a
Gray's Anatomy
_c
Gray,H
942
_2
udc
_c
BK
999
_c
58145
_d
58145